000 01134nac a22003011i 4500
003 EG-ScBUE
005 20250310094524.0
008 250310s1996 enka f b 001 0 eng d
020 _a9780521478144
020 _a0521478146 (pbk.)
040 _aEG-ScBUE
_beng
_erda
_cEG-ScBUE
_dEG-ScBUE
082 0 4 _a530.12
_bRYD
_222
100 1 _aRyder, Lewis H.,
_eauthor.
245 1 0 _aQuantum field theory /
_cLewis H. Ryder, University of Kent at Canterbury.
250 _aSecond edition.
264 1 _aCambridge ;
_aNew York :
_bCambridge University Press,
_c1996.
300 _axviii, 487 pages :
_billustrations ;
_c26 cm
336 _2rdacontent
_atext
_btxt
337 _aunmediated
_2rdamedia
_bn
338 _avolume
_bnc
_2rdacarrier
504 _aIncludes bibliographical references and index.
650 7 _aQuantum field theory.
_2BUEsh
650 7 _aParticles (Nuclear physics)
_2BUEsh
655 _vReading book
856 4 2 _3Publisher description
_uhttp://www.loc.gov/catdir/description/cam027/95031119.html
856 4 2 _3Table of contents
_uhttp://www.loc.gov/catdir/toc/cam021/95031119.html
942 _cBB
_2ddc
999 _c3299
_d3299